| 000 | 00794nam a2200205Ii 4500 | ||
|---|---|---|---|
| 003 | JO-AjNU | ||
| 008 | 230605s9999||||xx |||||||||||||| ||und|| | ||
| 017 | _a2019/9/4846 | ||
| 040 |
_aJO-AjNU _bara _erda _cJO-AjNU |
||
| 041 | _aara | ||
| 050 | 1 | 4 | _aQ335.2019 |
| 100 | 3 |
_a الصلاح، يحيى زكريا عبداللطيف , _eauthor _962365 |
|
| 245 | 0 | 0 | _aالذكاء الاصطناعي ولغة البرولوغ=Artificial intelligence and prolog |
| 264 | 3 | 1 | _aعمان: المؤلف، 2019 |
| 300 |
_a152ص _bيحتوي على فهرس من ص145-152ص |
||
| 336 |
_atext _btxt _2rdacontent |
||
| 337 |
_aunmediated _bn _2rdamedia |
||
| 338 |
_avolume _bnc _2rdacarrier |
||
| 650 | 4 |
_aالذكاء الاصطناعي-برولوغ-لغات البرمجة-علم الحاسوب _962366 |
|
| 999 |
_aA28237 _c31805 _d31805 |
||